Practical sheet and plate metal work (Record no. 411818)

MARC details
000 -LEADER
fixed length control field 00651nam a2200253Ia 4500
003 - CONTROL NUMBER IDENTIFIER
control field OSt
005 - DATE AND TIME OF LATEST TRANSACTION
control field 20220924122503.0
008 - FIXED-LENGTH DATA ELEMENTS--GENERAL INFORMATION
fixed length control field 220923b |||||||| |||| 00| 0 spa d
037 ## - SOURCE OF ACQUISITION
Terms of availability Textual
040 ## - CATALOGING SOURCE
Original cataloging agency ARTS
Transcribing agency ARTS
Language of cataloging spa
041 ## - LANGUAGE CODE
Source of code spa
Language code of text/sound track or separate title spa
100 ## - MAIN ENTRY--PERSONAL NAME
Personal name Atkins Evan A.
9 (RLIN) 189647
245 #0 - TITLE STATEMENT
Title Practical sheet and plate metal work
250 ## - EDITION STATEMENT
Edition statement 3rd
260 ## - PUBLICATION, DISTRIBUTION, ETC.
Place of publication, distribution, etc. London
Name of publisher, distributor, etc. Isaac Pitman
Date of publication, distribution, etc. 1916
300 ## - PHYSICAL DESCRIPTION
Extent 541+23p. illus
Dimensions cm.
650 ## - SUBJECT ADDED ENTRY--TOPICAL TERM
Topical term or geographic name entry element INDUSTRIAL ARTS
942 ## - ADDED ENTRY ELEMENTS (KOHA)
Classification part M4, E6
Koha item type Textual
Source of classification or shelving scheme Colon Classification (CC)
Holdings
Withdrawn status Lost status Damaged status Not for loan Home library Current library Date acquired Total Checkouts Full call number Barcode Date last seen Price effective from Koha item type
        Arts Library Arts Library 2022-09-24   M4 E6 AL0388012 2022-09-24 2022-09-24 Textual
Copyright @ Delhi University Library System